Lenguaje escrito y dislexias: enfoque cognitivo del retardo lector

Guardat en:
Dades bibliogràfiques
Autor principal: Bravo Valdivieso, Luis (Autor)
Format: Llibre
Idioma:espanyol
Publicat: Santiago Ediciones Universidad Católica de Chile 2005
Edició:4a. ed
Col·lecció:Aprendizaje
Matèries:
Etiquetes: Afegir etiqueta
Sense etiquetes, Sigues el primer a etiquetar aquest registre!

MARC

LEADER 00000nam a2200000 a 4500
001 UCI1074
003 CL-VaPUC
008 070615e20050000CL |||||||||||||||||spa|d
020 |a 9561408252 
082 0 4 |a 371.914  |b BRA  |2 21 
100 0 |a Bravo Valdivieso, Luis  |e author  |9 521396 
245 1 0 |a Lenguaje escrito y dislexias: enfoque cognitivo del retardo lector 
250 |a 4a. ed 
300 |a 241 p 
942 |c BK 
945 |d 20070615 00:00:00  |a jtorresc 
260 |a Santiago  |b Ediciones Universidad Católica de Chile  |c 2005 
650 0 |a Dislexia  |9 307487 
650 7 |a TRASTORNO DEL HABLA  |2 CL-VaPUC  |9 322733 
650 0 |a Cognición   |9 270347 
650 7 |a NIÑOS IMPEDIDOS  |2 CL-VaPUC  |9 309741 
650 0 |a Psicología del aprendizaje  |9 306854 
583 |a last modification  |c 20070615 00:00:00  |k Rodrigo Vera 
490 0 |a Aprendizaje 
999 |c 325990  |d 325988 
952 |0 0  |1 0  |4 0  |6 371_914000000000000_BRA_2005  |7 0  |8 R  |9 407559  |a BIBEDU  |b BIBEDU  |c MCIRC  |d 2019-11-22  |i 4347102  |l 3  |m 1  |o 371.914 BRA 2005  |p 4347102  |r 2023-10-24  |s 2023-10-24  |w 2019-11-22  |y BK_R  |k EDI 
952 |0 0  |1 0  |4 0  |6 371_914000000000000_BRA_2005  |7 0  |8 R  |9 407560  |a BIBEDU  |b BIBEDU  |d 2019-11-22  |i 4347110  |o 371.914 BRA 2005  |p 4347110  |r 2023-01-13  |w 2019-11-22  |y BK_R  |k EDI 
952 |0 0  |1 0  |4 0  |6 371_914000000000000_BRA_2005  |7 0  |8 R  |9 407561  |a BIBEDU  |b BIBEDU  |d 2019-11-22  |i 4292537  |o 371.914 BRA 2005  |p 4292537  |r 2023-01-13  |w 2019-11-22  |y BK_R  |k EDI 
952 |0 0  |1 0  |4 0  |6 371_914000000000000_BRA_2005  |7 0  |8 R  |9 407562  |a BIBEDU  |b BIBEDU  |c MCIRC  |d 2019-11-22  |i 4292545  |l 3  |o 371.914 BRA 2005  |p 4292545  |r 2023-01-13  |s 2020-12-30  |w 2019-11-22  |y BK_R  |k EDI 
952 |0 0  |1 0  |4 0  |6 371_914000000000000_BRA_2005  |7 0  |8 R  |9 407563  |a BIBEDU  |b BIBEDU  |d 2019-11-22  |i 4292553  |o 371.914 BRA 2005  |p 4292553  |r 2023-01-13  |w 2019-11-22  |y BK_R  |k EDI 
952 |0 0  |1 0  |4 0  |6 371_914000000000000_BRA_2005  |7 0  |8 R  |9 407564  |a BIBEDU  |b BIBEDU  |d 2019-11-22  |i 4335864  |o 371.914 BRA 2005  |p 4335864  |r 2023-01-13  |w 2019-11-22  |y BK_R  |k EDI 
952 |0 0  |1 0  |4 0  |6 371_914000000000000_BRA_2005  |7 0  |8 R  |9 407565  |a BIBEDU  |b BIBEDU  |d 2019-11-22  |i 4335872  |o 371.914 BRA 2005  |p 4335872  |r 2023-01-13  |w 2019-11-22  |y BK_R  |k EDI